Sports Quiz

Random Sports or Baseball Quiz
Score 0/30 Timer 05:00
0 Plays Today
% Correct
Babe Ruth
97.4%
Tom Seaver
79.5%
Hank Aaron
71.8%
Ted Williams
71.8%
Jack Hannahan
66.7%
Marv Throneberry
64.1%
Justin Masterson
59%
Josh Hamilton
56.4%
Rusty Staub
53.8%
Connie Mack
51.3%
Mike Epstein
48.7%
Ivan Nova
46.2%
Rex Hudler
43.6%
Gus Triandos
41%
Roberto Clemente
35.9%
% Correct
Jose Valverde
35.9%
Pedro Martinez
33.3%
Mariano Rivera
33.3%
Mark Grace
28.2%
Kevin Pillar
28.2%
Matt Stairs
25.6%
Mickey Morandini
25.6%
Brian Downing
23.1%
Lou Boudreau
17.9%
Johan Santana
17.9%
Carl Crawford
17.9%
Harry Simpson
15.4%
John Stearns
12.8%
John Kennedy
12.8%
Dizzy Dean
7.7%
Remove Ads.
Support Sporcle.
Get the best of Sporcle when you Go Orange. This ad-free experience offers more features, more stats, and more fun while also helping to support Sporcle. Thank you for becoming a member.

You're not logged in!

Compare scores with friends on all Sporcle quizzes.
OR
Log In

Sporcle TV

Today on Sporcle TV


Watch our educational content, quiz creation guides, and fun videos on Sporcle TV.

Show Comments

Extras

Top Quizzes Today


Score Distribution

Paid Content

Your Account Isn't Verified!

In order to create a playlist on Sporcle, you need to verify the email address you used during registration. Go to your Sporcle Settings to finish the process.

Report this User

Report this user for behavior that violates our Community Guidelines.

Details: